Obytná zahrada /

Guardado en:
Detalles Bibliográficos
Autores principales: Jelínková, M (Autor), Ondřej, Jan (Autor), Velfel, Petr (Autor)
Formato: Libro
Lenguaje:checo
Publicado: Hradec Králové : Paradise Studio, 1997
Etiquetas: Agregar Etiqueta
Sin Etiquetas, Sea el primero en etiquetar este registro!

MARC

LEADER 00000nam a22000003a 4500
001 stu30549
005 20150617225738.6
008 941222s1997----cs------------------cze-d
020 |a 80-238-0436-7 
040 |a STU  |b slo 
041 0 |a cze 
044 |a cs 
080 |a 712.2  |7 stu_us_auth*stu13842 
100 1 |a Jelínková, M  |4 aut 
245 1 |a Obytná zahrada /  |c [aut]Jelínková,M.;Ondřej,J.;Velfel,P 
260 |a Hradec Králové :  |b Paradise Studio,  |c 1997 
300 |a 167 s 
700 1 |a Ondřej, Jan  |4 aut 
700 1 |a Velfel, Petr  |4 aut 
996 |b 284V028417  |c V*45137/O-19729  |l VVT  |s A  |a 24  |w stu30549_0001